000 00865cam a2200265 a 4500
001 000013909
003 DO-SdBNP
005 20251028140047.0
008 031212s2003 ve a b 001 0 spa
020 _a9801201010
035 _a(BO-CbLA)la0312N1913
040 _aDO-SdBNP
_cDLC
_dBNPHU
049 _aBNGR
082 _a327.8707287
_bP852v
100 1 _aPortillo, Julio,
_d1944-
_916192
245 1 0 _aVenezuela / Panamá :
_brelaciones diplomáticas, 1903-2000 /
_cJulio Portillo.
260 _aCaracas :
_bArtes,
_c2003.
300 _a422 p. :
_bil ;
_c23 cm.
500 _aCentenario de la independencia de Panamá.
504 _aBuibliografía: (p. 373-380).
651 4 _aVenezuela
_xRelaciones exteriores
_zPanamá.
_931519
651 4 _aPanamá
_xRelaciones exteriores
_zVenezuela
_931520
910 _aCatalogación por copia / LC
942 _2ddc
_cLBS1
999 _c13514
_d13514